|
|
|
|
| LEADER |
01136cam a2200277 7i4500 |
| 001 |
0000069582 |
| 005 |
20230302090000.0 |
| 020 |
|
|
|a 9789811659164 (electronic book ; volume 1)
|
| 090 |
0 |
0 |
|a TD433
|b .I56 2022
|
| 245 |
0 |
0 |
|a Inorganic-organic composites for water and wastewater treatment
|c Eric Lichtfouse, Subramanian Senthilkannan Muthu, Ali Khadir, editors.
|
| 264 |
|
|
|a Singapore:
|b Springer,
|c 2022.
|
| 300 |
|
|
|a 1 online resource (vii, 212 pages):
|b colour illustrations, text file, PDF.
|
| 336 |
|
|
|a text
|2 rdacontent
|
| 337 |
|
|
|a computer
|2 rdamedia
|
| 338 |
|
|
|a online resource
|2 rdacarrier
|
| 490 |
0 |
|
|a Environmental footprints and eco-design of products and processes
|
| 650 |
|
0 |
|a Water --
|x Purification
|
| 650 |
|
0 |
|a Sewage --
|x Purification
|
| 655 |
|
0 |
|a Electronic books
|
| 700 |
1 |
|
|a Muthu, Subramanian Senthilkannan
|
| 700 |
1 |
|
|a Khadir, Ali
|
| 700 |
1 |
|
|a Lichtfouse, Eric
|
| 856 |
4 |
2 |
|u http://library.unisel.edu.my/web/guest/mylibrary
|
| 997 |
|
|
|a Engineering & Life Sciences, Faculty
|b Engineering, Department
|
| 998 |
|
|
|a Civil Engineering, Degree
|
| 999 |
|
|
|a EBO0013271
|b EBOOK
|c EBOOK
|e Electronic resources
|